<?xml version="1.0" encoding="UTF-8"?>
<collection xmlns="http://www.loc.gov/MARC21/slim">
<record>
  <controlfield tag="001">164235</controlfield>
  <controlfield tag="005">20251202184446.0</controlfield>
  <datafield tag="020" ind1=" " ind2=" ">
    <subfield code="a">978-3-361-88081-4</subfield>
  </datafield>
  <datafield tag="037" ind1=" " ind2=" ">
    <subfield code="a">BOOK-2025-530</subfield>
  </datafield>
  <datafield tag="041" ind1=" " ind2=" ">
    <subfield code="a">spa</subfield>
  </datafield>
  <datafield tag="100" ind1=" " ind2=" ">
    <subfield code="a">Mesa Gancedo, Daniel</subfield>
    <subfield code="b"></subfield>
  </datafield>
  <datafield tag="245" ind1=" " ind2=" ">
    <subfield code="a">Francisco Tario y la narratividad perdida</subfield>
  </datafield>
  <datafield tag="260" ind1=" " ind2=" ">
    <subfield code="a">Berlín</subfield>
    <subfield code="b">Peter Lang</subfield>
    <subfield code="c">2023</subfield>
  </datafield>
  <datafield tag="300" ind1=" " ind2=" ">
    <subfield code="a">357-381</subfield>
  </datafield>
  <datafield tag="520" ind1=" " ind2=" ">
    <subfield code="a">Mi trabajo presenta una lectura minuciosa de Breve diario de un amor tardío (1951), de Francisco Tario un texto de dificil adscripción genérica y en general poco aten­dido por la crítica. Para ello, se presta especial atención a los testimonios que plantean la dificultad de considerar la obra de Tario como un proyecto narrativamente logrado. Sobre esa base, se propone un análisis detallado de los diversos mecanismos que ponen en crisis esa narratividad en esta obra, partiendo de la dedsión de sujetar la escritura a la inscripción de los días (y atendiendo a otros textos de similar planteamiento en la obra del mexicano); se comenta la significación de la brevedad; se describe el tratamiento del espacio y el tiempo, la condición y las relaciones entre los sujetos, la tensión entre el amor y la pérdida, y se concluye explorando la condición artificiosa de la propia escritura.</subfield>
  </datafield>
  <datafield tag="856" ind1="0" ind2=" ">
    <subfield code="f">mmesa@unizar.es</subfield>
  </datafield>
  <datafield tag="856" ind1="4" ind2=" ">
    <subfield code="u">http://zaguan.unizar.es/record/164235/files/BOOK-2025-530.pdf</subfield>
    <subfield code="z">Texto completo</subfield>
  </datafield>
  <datafield tag="909" ind1="C" ind2="O">
    <subfield code="o">oai:zaguan.unizar.es:164235</subfield>
    <subfield code="p">books</subfield>
  </datafield>
  <datafield tag="773" ind1=" " ind2=" ">
    <subfield code="t">Todos los caminos conducen a Rulfo. Itinerarios del cuento mexicano del Modernismo hasta El Llano en llamas</subfield>
  </datafield>
  <datafield tag="540" ind1=" " ind2=" ">
    <subfield code="9">info:eu-repo/semantics/openAccess</subfield>
  </datafield>
  <datafield tag="506" ind1=" " ind2=" ">
    <subfield code="a">all-rights-reserved</subfield>
  </datafield>
  <datafield tag="980" ind1=" " ind2=" ">
    <subfield code="a">BOOK</subfield>
    <subfield code="b">CAPITULOS</subfield>
    <subfield code="b"></subfield>
  </datafield>
</record>
</collection>